|
|
|
|
| LEADER |
00000nam a2200000 a 4500 |
| 001 |
vtls008358383 |
| 003 |
SK-MaSNL |
| 005 |
20260302074532.0 |
| 008 |
181127s1959 xo 000 slo |
| 015 |
|
|
|a SKSNBA1959/12-01931
|
| 035 |
|
|
|a SK01SNK19590050600
|
| 035 |
|
|
|a SKM000053063
|
| 040 |
|
|
|a SNK
|b slo
|c SNK
|e AACR2
|
| 041 |
1 |
|
|a slo
|
| 044 |
|
|
|a xo
|c SK
|
| 080 |
|
|
|a 631.115.6:657.2(076.5)
|2 1981
|
| 080 |
|
|
|a 657.2(076.5):631.115.6
|2 1981
|
| 100 |
1 |
|
|a Peter, Ondrej,
|d 1920-2010
|4 aut
|9 117024
|
| 245 |
1 |
0 |
|a Krátky súvislý príklad z účtovnej evidencie JRD
|c Ondrej Peter
|
| 260 |
|
|
|a Bratislava
|b Povereníctvo pôdohospodárstva
|c 1959
|e Nitra
|f Západoslovenské tlačiarne
|
| 300 |
|
|
|a 47, [1] s.
|c 8°
|
| 490 |
1 |
|
|a Poľnohospodárske aktuality
|v zv. 35
|
| 500 |
|
|
|a Pozn.
|
| 563 |
|
|
|a 3300 výtl.
|
| 650 |
0 |
7 |
|a účtovná evidencia
|2 SNKPH
|9 93911
|
| 650 |
0 |
7 |
|a príklady
|2 SNKPH
|9 30624
|
| 650 |
0 |
7 |
|a jednotné roľnícke družstvá
|2 SNKPH
|9 88028
|
| 655 |
|
7 |
|a príručky
|2 SNKPH
|9 74364
|
| 830 |
|
0 |
|a Poľnohospodárske aktuality
|9 307390
|
| 852 |
|
|
|a Slovenská národná knižnica v Martine
|b 10000
|h SD 18044
|
| 852 |
|
|
|a Slovenská národná knižnica v Martine
|b 10000
|h SD 18044 D1
|
| 958 |
|
|
|a OND
|
| 958 |
|
|
|a RK
|
| 958 |
|
|
|a TL
|
| 958 |
|
|
|a BQ
|
| 999 |
|
|
|c 1165421
|d 1167351
|
| 952 |
|
|
|a SNK
|b SNK
|y PREZ
|7 0
|p 17A0629845
|o snkSD 18044
|i snkKSP 4214/59
|0 0
|1 0
|4 0
|d 2009-10-13
|l 0
|r 2025-12-02 00:00:00
|w 2026-02-24
|